[Event "4NCL"]
[Site "De Vere, Sunningdale, ENG"]
[Date "2011.02.20"]
[Round "6.46"]
[White "Paul, Barnaby J"]
[Black "Gunn, Michael J"]
[Result "0-1"]
[WhiteElo "1618"]
[BlackElo "1781"]
[PlyCount "108"]
[EventDate "2011.??.??"]
[WhiteTeam "KJCA Knights"]
[BlackTeam "Guildford A&DC 4"]

1. c4 e6 2. g3 d5 3. Bg2 Nf6 4. cxd5 exd5 5. d4 c6 6. Nc3 Bd6 7. e3 Bf5 8. Nge2
Nbd7 9. O-O O-O 10. b3 Re8 11. Bb2 Nf8 12. Qc1 Qd7 13. Ba3 Bxa3 14. Qxa3 Bh3
15. Nf4 Bxg2 16. Kxg2 Ne6 17. Nce2 Ng5 18. Qc1 Qe7 19. Qc2 Nge4 20. Nc3 Nxc3
21. Qxc3 Qe4+ 22. Kg1 g5 23. Ng2 Qf3 24. Qd2 Qh5 25. h4 h6 26. Qd1 Qg6 27. Qf3
Re4 28. hxg5 hxg5 29. Ne1 Kg7 30. Qg2 Rh8 31. Nf3 Ng4 32. Rfd1 Re6 33. Kf1 Rxe3
34. Re1 Qd3+ 35. Kg1 Rxf3 36. Rad1 Qf5 37. Qf1 Rxf2 38. Qd3 Qxd3 39. Rxd3 Rhh2
40. Re7 Rxa2 41. Rf3 Ra1+ 42. Rf1 Rxf1+ 43. Kxf1 b5 44. Rxa7 Rc2 45. Ra6 Kg6
46. Ra1 Ne3+ 47. Ke1 Nf5 48. Kd1 Rg2 49. Ra6 Nxd4 50. b4 Rxg3 51. Kd2 f5 52.
Ra8 Kh5 53. Rh8+ Kg4 54. Rh2 Nf3+ 0-1

[Event "4NCL"]
[Site "De Vere, Sunningdale, ENG"]
[Date "2011.02.20"]
[Round "6.46"]
[White "Yiamakis, Albert"]
[Black "Huser, Hector AP"]
[Result "1-0"]
[WhiteElo "1736"]
[BlackElo "1618"]
[PlyCount "123"]
[EventDate "2011.??.??"]
[WhiteTeam "Guildford A&DC 4"]
[BlackTeam "KJCA Knights"]

1. e4 e5 2. Nf3 Nc6 3. Bb5 Nf6 4. O-O d6 5. d4 Bd7 6. c3 Be7 7. Qe2 exd4 8.
cxd4 a6 9. Ba4 O-O 10. Bb3 Bg4 11. Rd1 Na5 12. Bc2 Bxf3 13. Qxf3 d5 14. e5 Ne8
15. Bxh7+ Kxh7 16. Qh5+ Kg8 17. Rd3 f5 18. Rh3 Qd7 19. Qh7+ Kf7 20. Rh6 Nf6 21.
exf6 Bxf6 22. Rxf6+ Kxf6 23. Bf4 Qf7 24. Be5+ Ke6 25. Nc3 Rh8 26. Qxg7 Qxg7 27.
Bxg7 Rhg8 28. Re1+ Kd7 29. Be5 c6 30. Na4 Rae8 31. b3 Rg4 32. Nb6+ Ke6 33. f3
Rg6 34. h4 Reg8 35. g3 Kf7 36. Kf2 Re6 37. Na4 Rge8 38. Nc5 R6e7 39. g4 fxg4
40. fxg4 b6 41. Nxa6 c5 42. Nc7 Rf8 43. Nxd5 Ke6+ 44. Nf4+ Kd7 45. Kg3 Ref7 46.
dxc5 bxc5 47. g5 Nc6 48. Rd1+ Nd4 49. Bxd4 cxd4 50. Rxd4+ Kc6 51. g6 Ra7 52.
Rc4+ Kd6 53. a4 Ke5 54. h5 Rb7 55. b4 Rfb8 56. b5 Rd8 57. h6 Rd1 58. g7 Rg1+
59. Ng2 Rb8 60. h7 Kf6 61. g8=Q Rxg8+ 62. hxg8=Q 1-0

[Event "4NCL"]
[Site "De Vere, Sunningdale, ENG"]
[Date "2011.02.20"]
[Round "6.47"]
[White "Heard, Andrew H"]
[Black "Clements, Thomas A"]
[Result "1/2-1/2"]
[WhiteElo "1946"]
[BlackElo "1886"]
[PlyCount "30"]
[EventDate "2011.??.??"]
[WhiteTeam "SCS"]
[BlackTeam "3Cs 2"]

1. b4 d6 2. Bb2 e5 3. c4 b6 4. d3 Bb7 5. Nf3 f5 6. Nc3 Nf6 7. e3 Nbd7 8. Be2
Be7 9. Qb3 c5 10. Ng5 cxb4 11. Qxb4 Qc8 12. Ne6 Kf7 13. Ng5+ Ke8 14. Ne6 Kf7
15. Ng5+ Ke8 1/2-1/2

[Event "4NCL"]
[Site "De Vere, Sunningdale, ENG"]
[Date "2011.02.20"]
[Round "6.47"]
[White "Burke, Mitchell R"]
[Black "Clarke, Sean A"]
[Result "0-1"]
[WhiteElo "1898"]
[BlackElo "1826"]
[PlyCount "134"]
[EventDate "2011.??.??"]
[WhiteTeam "3Cs 2"]
[BlackTeam "SCS"]

1. e4 c5 2. Nc3 Nc6 3. f4 g6 4. Nf3 Bg7 5. Bb5 a6 6. Bxc6 dxc6 7. O-O Nf6 8. d3
b5 9. Be3 Qa5 10. e5 Ng4 11. Bxc5 b4 12. Ne4 Bf5 13. a3 b3 14. Nfd2 bxc2 15.
Qxc2 Qb5 16. h3 Nh6 17. Nf3 Rb8 18. b4 Qb7 19. Rac1 O-O 20. Qe2 Be6 21. Be3 Bd5
22. Nc5 Qc8 23. d4 Rb5 24. Bd2 Nf5 25. Ne4 Bxe4 26. Qxe4 Ng3 27. Qxc6 Qxc6 28.
Rxc6 Nxf1 29. Kxf1 Ra8 30. Ke2 e6 31. Ng5 Rb7 32. a4 Bf8 33. Ne4 Bxb4 34. Nd6
Bxd6 35. exd6 Kf8 36. Kd3 Ke8 37. Ba5 Kd7 38. Rc7+ Rxc7 39. dxc7 Rc8 40. h4 h6
41. g4 g5 42. hxg5 hxg5 43. Ke4 gxf4 44. Kxf4 f6 45. Bb6 Rf8 46. a5 Rg8 47. Kf3
Rg5 48. Kf4 Rb5 49. Ke4 Rb1 50. Ke3 Rc1 51. Ke4 Rc4 52. Kd3 Ra4 53. Ke4 e5 54.
Kd5 exd4 55. c8=Q+ Kxc8 56. Bxd4 Rxa5+ 57. Ke6 Ra4 58. Bxf6 Rxg4 59. Kd5 a5 60.
Kc5 a4 61. Bb2 Kd7 62. Kb5 Kd6 63. Ba3+ Kd5 64. Bb4 Rg1 65. Kxa4 Kc4 66. Be7
Ra1+ 67. Ba3 Kc3 0-1

[Event "4NCL"]
[Site "De Vere, Sunningdale, ENG"]
[Date "2011.02.20"]
[Round "6.47"]
[White "Rajesh, Gorak"]
[Black "Horton, Jamie A"]
[Result "0-1"]
[WhiteElo "1610"]
[BlackElo "1882"]
[PlyCount "112"]
[EventDate "2011.??.??"]
[WhiteTeam "SCS"]
[BlackTeam "3Cs 2"]

1. e4 c5 2. Nf3 g6 3. d4 cxd4 4. Qxd4 Nf6 5. e5 Nc6 6. Qc3 Nd5 7. Qb3 Nb6 8.
Bb5 Bg7 9. Bxc6 bxc6 10. O-O O-O 11. Qd3 d5 12. exd6 exd6 13. c3 Bf5 14. Qd1 c5
15. Bf4 d5 16. Be3 Rc8 17. Na3 Re8 18. Qd2 Be4 19. Ng5 Bf5 20. Rad1 d4 21. Bf4
a6 22. c4 Na4 23. Nb1 d3 24. Nc3 Nxc3 25. bxc3 Re2 26. Qc1 Rxa2 27. f3 Rc2 28.
Qa3 Rxc3 29. Qxa6 Qd4+ 30. Kh1 Qxf4 31. Ne4 Rb3 32. Nd6 Rcb8 33. Nxf5 Qxf5 34.
Qd6 Re8 35. Rfe1 Rbb8 36. Rxe8+ Rxe8 37. h3 Be5 38. Qxd3 Qf4 39. Kg1 Qh2+ 40.
Kf2 Bd4+ 41. Qxd4 cxd4 42. Rxd4 Qh1 43. Re4 Rxe4 44. fxe4 Qc1 45. e5 Qxc4 46.
Kf3 Kg7 47. e6 fxe6 48. g4 Kf6 49. h4 e5 50. g5+ Kf5 51. h5 e4+ 52. Ke3 Qd3+
53. Kf2 Qf3+ 54. Ke1 e3 55. hxg6 Qf2+ 56. Kd1 Qd2# 0-1

[Event "4NCL"]
[Site "De Vere, Sunningdale, ENG"]
[Date "2011.02.20"]
[Round "6.48"]
[White "Devane, Eoin"]
[Black "White, Martin"]
[Result "1/2-1/2"]
[WhiteElo "1786"]
[BlackElo "1798"]
[PlyCount "65"]
[EventDate "2011.??.??"]
[WhiteTeam "Oxford 3"]
[BlackTeam "Bristol 3"]

1. b3 e5 2. Bb2 Nc6 3. e3 d5 4. Bb5 Bd6 5. f4 Qh4+ 6. g3 Qe7 7. Nf3 Bg4 8.
Bxc6+ bxc6 9. fxe5 Bxf3 10. Qxf3 Bxe5 11. Bxe5 Qxe5 12. Nc3 Nf6 13. O-O O-O 14.
Qf4 Rfe8 15. Qxe5 Rxe5 16. Rf4 Ne4 17. Nxe4 dxe4 18. Raf1 f6 19. Rf5 Rae8 20.
Rxe5 Rxe5 21. a4 Kf7 22. Kf2 Ke6 23. Ke2 Rc5 24. c4 Rh5 25. Rf2 Kd6 26. d4
exd3+ 27. Kxd3 a5 28. Kd4 c5+ 29. Ke4 Re5+ 30. Kd3 Rg5 31. Ke4 Rg4+ 32. Rf4
Rxf4+ 33. exf4 1/2-1/2

[Event "4NCL"]
[Site "De Vere, Sunningdale, ENG"]
[Date "2011.02.20"]
[Round "6.48"]
[White "Woolgar, Steven G"]
[Black "Langham, Rod E"]
[Result "1/2-1/2"]
[WhiteElo "1730"]
[BlackElo "1802"]
[PlyCount "30"]
[EventDate "2011.??.??"]
[WhiteTeam "Bristol 3"]
[BlackTeam "Oxford 3"]

1. c4 e6 2. Nc3 f5 3. d4 Nf6 4. Nf3 d6 5. e3 Be7 6. Bd3 O-O 7. O-O Qe8 8. e4
fxe4 9. Nxe4 Nxe4 10. Bxe4 Bf6 11. Bg5 Nd7 12. Qd2 Bxg5 13. Qxg5 Nf6 14. Rfe1
Qh5 15. Qxh5 Nxh5 1/2-1/2

[Event "4NCL"]
[Site "De Vere, Sunningdale, ENG"]
[Date "2011.02.20"]
[Round "6.48"]
[White "Terry, Sean"]
[Black "Taylor, John-Paul"]
[Result "1-0"]
[WhiteElo "1861"]
[BlackElo "1762"]
[PlyCount "45"]
[EventDate "2011.??.??"]
[WhiteTeam "Oxford 3"]
[BlackTeam "Bristol 3"]

1. d4 d5 2. Nf3 Nf6 3. g3 c6 4. Bg2 e6 5. O-O Bd6 6. Nbd2 Nbd7 7. Re1 O-O 8. e4
dxe4 9. Nxe4 Nxe4 10. Rxe4 h6 11. Qd3 Nf6 12. Rh4 Re8 13. g4 Be7 14. g5 Nh7 15.
Rh5 g6 16. Rxh6 Nxg5 17. Nxg5 Bxg5 18. Rxg6+ fxg6 19. Qxg6+ Kf8 20. Bxg5 Qxd4
21. Bf6 Qd7 22. Qh6+ Kg8 23. Qh8+ 1-0